| 000 | 01009cam a2200301 a 4500 | ||
|---|---|---|---|
| 001 | 601 | ||
| 005 | 20250206160907.0 | ||
| 020 | _a0679984496 | ||
| 020 | _a0679884491 (pbk.) | ||
| 040 |
_aDLC _cDLC _dDLC |
||
| 050 | 0 | 0 |
_aPZ7.R8139 _bBal 1997 |
| 082 | 0 | 0 |
_a[Fic] _221 |
| 100 | 1 |
_aRoy, Ron, _d1940- |
|
| 245 | 1 | 4 |
_aThe bald bandit / _cby Ron Roy ; illustrated by John Steven Gurney. |
| 260 |
_aNew York : _bScholastic, _c1997. |
||
| 300 |
_a70 pages : _billustrations ; _c20 cm. |
||
| 490 | 1 | _aA to Z mysteries | |
| 500 | _a"A stepping stone book." | ||
| 500 | _a"B"--Spine. | ||
| 505 | _aK | ||
| 520 | _aThird-grader Dink and his detective friends hope to receive a big reward by finding the person whose video recorder picked up a picture of the local bank robber. | ||
| 521 | 0 |
_a590
_bLexile |
|
| 521 | 0 |
_aK _bRaz-Plus |
|
| 650 | 1 | _aMystery and detective stories. | |
| 700 | 1 |
_aGurney, John Steven, _d1962- _eillustrator |
|
| 906 |
_a7 _bcbc _corignew _d1 _eocip _f19 _gy-gencatlg |
||
| 942 |
_2ddc _cBK _n0 |
||
| 999 |
_c601 _d601 |
||